Movies Quiz

Random Movies or Clickable Quiz

Anything but Hunger Games characters Quiz Stats

 Plays Quiz not verified by Sporcle

Challenge
Share
Tweet
Embed
Score 0/140 Timer 03:00
0 Plays Today
% Correct
???
40.3%
???
39.6%
???
39.6%
???
39.6%
???
39.2%
???
38.9%
???
38.9%
???
38.5%
???
38.5%
???
38.2%
???
37.8%
???
37.8%
???
37.8%
???
37.8%
???
37.5%
???
37.5%
???
37.5%
???
37.5%
???
37.5%
???
37.2%
???
37.2%
???
37.2%
???
37.2%
???
37.2%
???
36.8%
???
36.8%
???
36.8%
???
36.8%
???
36.8%
???
36.8%
???
36.8%
???
36.5%
???
36.5%
???
36.5%
???
36.5%
???
36.5%
???
36.5%
???
36.5%
???
36.5%
???
36.1%
???
36.1%
???
36.1%
???
36.1%
???
35.8%
???
35.8%
???
35.8%
???
35.8%
% Correct
???
35.8%
???
35.8%
???
35.8%
???
35.8%
???
35.4%
???
35.4%
???
35.4%
???
35.4%
???
35.4%
???
35.1%
???
35.1%
???
35.1%
???
35.1%
???
35.1%
???
35.1%
???
35.1%
???
34.7%
???
34.7%
???
34.7%
???
34.7%
???
34.4%
???
34.4%
???
34.4%
???
34.4%
???
34.4%
???
34.4%
???
34.4%
???
34.4%
???
34.4%
???
34.1%
???
34%
???
34%
???
34%
???
33.7%
???
33.7%
???
33.7%
???
33.7%
???
33.7%
???
33.7%
???
33.3%
???
33.3%
???
33.3%
???
33.3%
???
33.3%
???
33.3%
???
33%
???
33%
% Correct
???
33%
???
33%
???
33%
???
33%
???
33%
???
33%
???
32.6%
???
32.6%
???
32.6%
???
32.6%
???
32.6%
???
32.6%
???
32.3%
???
32.3%
???
32.3%
???
32.3%
???
32.3%
???
32.3%
???
32.3%
???
32.3%
???
31.9%
???
31.9%
???
31.9%
???
31.9%
???
31.9%
???
31.6%
???
31.6%
???
31.6%
???
31.6%
???
31.6%
???
31.3%
???
31.3%
???
31.3%
???
30.9%
???
30.9%
???
30.9%
???
30.6%
???
30.6%
???
30.6%
???
30.2%
???
30.2%
???
29.9%
???
29.5%
???
29.2%
???
29.2%
???
27.4%

You're not logged in!

Compare scores with friends on all Sporcle quizzes.
Join for Free
OR
Log In

You Might Also Like...

Show Comments

Extras

Top Quizzes Today


Score Distribution

Your Account Isn't Verified!

In order to create a playlist on Sporcle, you need to verify the email address you used during registration. Go to your Sporcle Settings to finish the process.

Report this User

Report this user for behavior that violates our Community Guidelines.

Details: